00510nai a2200145Ia 4500003000900000008004100009022002300050040001600073245005700089260003600146310001700182362002500199521006900224856007100293IN-BaIIA211028c9999 xx s 000 0 eng d a1948-7185 (Online) cIIA Library 4aThe Journal of Physical Chemistry Letterh[eJournal] aWashington DCbACS Publications aSemi-monthly a1(1); 2010 - Present bSubscribed through National Knowledge Resource Consortium (NKRC) uhttps://pubs.acs.org/journal/jpclcdyClick Here to Access eJournal